Reino de las serpientes (Registro nro. 16449)

Detalles MARC
000 -CABECERA
Campo de control 005050000a22002050004500
041 0# - IDIOMA
Código de idioma para texto/pista de sonido o título separado
090 ## - CLASIFICACIÓN LOCAL
Colección MM
Consecutivo 00035
041 0# - IDIOMA
Código de idioma para texto/pista de sonido o título separado
110 1# - ASIENTO PRINCIPAL--NOMBRE CORPORATIVO
Nombre corporativo o de jurisdicción como elemento de entrada ABC
245 10 - MENCION DE TITULO
Título Reino de las serpientes
260 ## - PUBLICACION, DISTRIBUCION, ETC. (PIE DE IMPRENTA)
Lugar de publicación, distribución, etc. s.l.
Nombre del editor, distribuidor, etc. Capital Cities
Fecha de publicación, distribución, etc. 1991
260 ## - PUBLICACION, DISTRIBUCION, ETC. (PIE DE IMPRENTA)
Nombre del editor, distribuidor, etc. ABC Video inc.
300 ## - DESCRIPCION FISICA
Extensión 44 min.
Otros detalles físicos VHS
650 14 - ASIENTO SECUNDARIO DE MATERIA - TERMINO TEMATICO
Término temático o nombre geográfico como elemento de entrada Fauna
650 14 - ASIENTO SECUNDARIO DE MATERIA - TERMINO TEMATICO
Término temático o nombre geográfico como elemento de entrada Reptiles
650 14 - ASIENTO SECUNDARIO DE MATERIA - TERMINO TEMATICO
Término temático o nombre geográfico como elemento de entrada Serpientes
650 14 - ASIENTO SECUNDARIO DE MATERIA - TERMINO TEMATICO
Término temático o nombre geográfico como elemento de entrada Animales venenosos
710 1# - ASIENTO SECUNDARIO - NOMBRE CORPORATIVO
Nombre corporativo o de jurisdicción como elemento de entrada World of Discovery
942 ## - ELEMENTOS ADICIONALES (KOHA)
Tipo de ítem CD-ROM
Existencias
Withdrawn status Lost status Sistema de Clasificación Damaged status No para préstamo Colección Ubicación Permanente Ubicación actual Fecha de adquisición Fuente de Valor Total Checkouts Número topográfico Inventario / Código de Barras Date last seen Ejemplar Price effective from Forma de adquisición Tipo de material
    Local     Audiovisual Bogotá Bogotá 09/02/2017 Salcedo, Mauricio   AV-00035 014144 25/03/2015 Ej. 1 25/03/2015 Donación VHS
          Audiovisual Villa de Leyva Villa de Leyva 27/02/2015     MM 00035 AUTO_19743 25/03/2015   25/03/2015   CD-ROM